| 000 | 00600nam a22001577a 4500 | ||
|---|---|---|---|
| 082 |
_a891.4393 _bSHI |
||
| 100 | _aShifai, Qateel | ||
| 245 |
_aRang‑Khushboo‑Roshni: Kulliyat‑e‑Ghazlain / _cQateel Shifai. |
||
| 260 |
_aLahore: _bSang‑e‑Meel Publications, _c2017. |
||
| 300 |
_a838 pages; _c21.5 cm |
||
| 563 | _aHB | ||
| 880 |
_6100-01\(3\r _aقتیل شفائی |
||
| 880 |
_6245-02\(3\r _aرنگ‑خوشبو‑روشنی: کلیاتِ غزلیں/ _bقتیل شفائی |
||
| 880 |
_6260-03\(3\r _aلاہور: ، _b,سنگ میل پبلیکیشنز _c2017. |
||
| 942 |
_2ddc _cBK |
||
| 999 |
_c614217 _d614217 |
||